LDR 01004naa#a2200229#i#450# 001 RU\\bibl\121426 005 20260514134102.4 011 ## _a1994-4683 100 ## _a20230531b2023####ek#y0rusy0150####ca 102 ## _aRU 200 1# _aДИАГНОСТИКА СМЕЛОСТИ В ТРЕНИРОВОЧНОМ ПРОЦЕССЕ СПОРТСМЕНОВ, ЗАНИМАЮЩИХСЯ РУКОПАШНЫМ БОЕМ _eЖурнальная статья 210 1# _aМосква _cНациональный государственный Университет физической культуры, спорта и здоровья им. П.Ф. Лесгафта _d2023 215 ## _a5 с. 608 ## _aЖурнальная статья _2local 675 ## _aСамбо. 796.814 _z 700 #1 _aКошкин _gЕ В 700 #1 _aПолякова _gТ А 700 #1 _aКрапивин _gО В 700 #1 _aСмирнов _gА А 700 #1 _aКлючников _gМ И 700 #1 _aИлькин _gА Н 856 4# _auchzapiski.lesgaft.spb.ru _u